| 000 | 00746 a2200253 4500 | ||
|---|---|---|---|
| 001 | 76109 | ||
| 003 | TR-AnTOB | ||
| 005 | 20240930164244.0 | ||
| 008 | 090811m19291968tu 00000 tur | ||
| 040 |
_aTR-AnTOB _cTR-AnTOB |
||
| 041 | _atur | ||
| 050 |
_aKKX18 _b.Y37 1968 |
||
| 090 | _aKKX18 .Y37 1968 | ||
| 245 | 0 |
_aYargıtay içtihadı birleştirme kararları : _bhukuk bölümü / _c[haz.] Mehmet Akif Eranıl. |
|
| 264 | 1 |
_aAnkara: _bKardeş , _c1968. |
|
| 300 |
_a373 s. ; _c25 cm. |
||
| 500 | _aNotlu, açıklamalı, alfabetik arama cetvelli. | ||
| 650 | 7 |
_aHukuki raporlar, külliyatlar, vb. _zTürkiye _2etuturkob _961697 |
|
| 902 | _a0030996(004770) | ||
| 903 | _aMerkez Kütüphane. | ||
| 942 |
_cBK _2lcc |
||
| 945 | _aZÖ, CS | ||
| 999 |
_c76109 _d24075 |
||